Statistics for City By Picture

Click here to take the quiz!

General Stats

  • This quiz has been taken 10 times
  • The average score is 10 of 16

Answer Stats

Answer% Correct
Las Vegas
100%
Moscow
100%
Cairo
89%
Dubai
89%
Istanbul
89%
London
89%
Paris
89%
Toronto
78%
Athens
67%
Beijing
56%
Madrid
44%
Riyadh
33%
Bandar Seri Begawan
22%
Doha
22%
Accra
11%
Lahore
11%

Score Distribution

Percentile by Number Answered

Percent of People with Each Score

Your Score History

You have not taken this quiz